| 000 | 00546cam1a220015700 4500 | ||
|---|---|---|---|
| 005 | 20190819102607.0 | ||
| 008 | 960524 | ||
| 020 | _a88-85401-20-1 | ||
| 035 | _a(Sirsi) a149469 | ||
| 050 | 0 | _aHD 6231 LEA 1995 | |
| 245 | 1 | 0 |
_aLearning or labouring? _ba compilation of key texts on child work and basic education _c/edited by Judith Ennew |
| 260 |
_aFlorence: _bUnicef, _c[1995]. |
||
| 504 | _abibliography | ||
| 650 | 0 |
_aChildren -- Employment _xChildren -- Employment _6S27647.1 |
|
| 700 | 0 | 0 |
_aEnnew,Judith _6A102741.1 |
| 999 |
_c102310 _d102310 |
||